00701nam a2200193 i 450000100060000000300090000600500170001500700030003200800410003510000260007624501160010226000390021830000220025770000280027970000290030785200320033699900170036895201220038585425ES-MaACL20230906175235.0t|041129s1971 sp ||||1| spa d1 aJoyce, Mary R.96707910aNuevas dinámicas del amor sexual / cpor Mary R. Joyce y Robert E. Joyce ; [traducción de Félix Alvarez]. aSantander : bSal Terrae, c[1971] a308 p. ; c20 cm.1 aJoyce, Robert E.9670801 aAlvarez, Félix.920631 aES-MaACLjC-44823 bR.81346 c85425d85425 00104070aATENEOMbATENEOMcDEPO2d2008-01-17eSCl0oC-44823p1089267r2023-02-23 00:00:00w2023-02-23yMONOGRAFIA